000 00399nam a2200133Ia 4500
008 220217s9999||||xx |||||||||||||| ||und||
020 _a0-07-058192-4
082 _a658.403 8 KOO
100 _aKoonz, Harold, Weihrich, Heinz, Aryasri, Ramachandra, A
245 0 _aPrinciples of management
260 _aTata mcgraw hill company Ltd
_bNew Delhi
_c2008
300 _b210
650 _aMANAGEMENT
999 _c176028
_d176028